|
|
|
|
| LEADER |
00000nam0a2200000 4500 |
| 001 |
374545 |
| 005 |
20231102012648.0 |
| 035 |
|
|
|a (RuTPU)RU\TPU\retro\31979
|
| 035 |
|
|
|a RU\TPU\book\272068
|
| 090 |
|
|
|a 374545
|
| 100 |
|
|
|a 20221219d1956 m y0rusy50 ca
|
| 101 |
0 |
|
|a rus
|
| 102 |
|
|
|a RU
|
| 105 |
|
|
|a y j 001zy
|
| 200 |
1 |
|
|a Сборник задач по квантовой механике
|f В. И. Коган, В. М. Галицкий
|
| 210 |
|
|
|a Москва
|c Гостехиздат
|d 1956
|
| 215 |
|
|
|a 416 с.
|c ил.
|
| 320 |
|
|
|a Библиогр.: с. 416.
|
| 606 |
1 |
|
|a Квантовая механика
|2 stltpush
|3 (RuTPU)RU\TPU\subj\14211
|9 40667
|
| 610 |
1 |
|
|a задачи
|
| 610 |
1 |
|
|a решения
|
| 610 |
1 |
|
|a операторы
|
| 610 |
1 |
|
|a вероятности
|
| 610 |
1 |
|
|a матрицы
|
| 610 |
1 |
|
|a гейзенберговские операторы
|
| 610 |
1 |
|
|a теория возмущений
|
| 610 |
1 |
|
|a квазиклассическое приближение
|
| 610 |
1 |
|
|a спин
|
| 610 |
1 |
|
|a атомы
|
| 610 |
1 |
|
|a молекулы
|
| 610 |
1 |
|
|a столкновения
|
| 610 |
1 |
|
|a четность
|
| 610 |
1 |
|
|a спин
|
| 675 |
|
|
|a 530.145.6
|v 3
|
| 700 |
|
1 |
|a Коган
|b В. И.
|g Владимир Ильич
|
| 701 |
|
1 |
|a Галицкий
|b В. М.
|g Виктор Михайлович
|
| 801 |
|
1 |
|a RU
|b 63413507
|c 20140210
|
| 801 |
|
2 |
|a RU
|b 63413507
|c 20221219
|g RCR
|
| 942 |
|
|
|c BK
|